Red Hat Linux networking and system administration / (Record no. 3027)

MARC details
000 -LEADER
fixed length control field 00790cam a22002412 4500
001 - CONTROL NUMBER
control field 0000006024
005 - DATE AND TIME OF LATEST TRANSACTION
control field 20151217145828.0
008 - FIXED-LENGTH DATA ELEMENTS--GENERAL INFORMATION
fixed length control field 070912s xx 000 0 eng d
020 ## - INTERNATIONAL STANDARD BOOK NUMBER
International Standard Book Number 8126506555 :
Terms of availability KES 3,250
040 ## - CATALOGING SOURCE
Original cataloging agency KABU
Transcribing agency KABU
100 1# - MAIN ENTRY--PERSONAL NAME
Personal name Collings, Terry.
-- 0000157378
245 10 - TITLE STATEMENT
Title Red Hat Linux networking and system administration /
Statement of responsibility, etc. Terry Collings and Kurt Wall.
250 ## - EDITION STATEMENT
Edition statement 3rd ed.
260 ## - PUBLICATION, DISTRIBUTION, ETC. (IMPRINT)
Place of publication, distribution, etc. New Delhi :
Name of publisher, distributor, etc. Wiley Dreamtech,
Date of publication, distribution, etc. 2005.
300 ## - PHYSICAL DESCRIPTION
Extent xviii, 992 p.
650 #0 - SUBJECT ADDED ENTRY--TOPICAL TERM
Topical term or geographic name as entry element Linux.
-- 0000148390
650 #0 - SUBJECT ADDED ENTRY--TOPICAL TERM
Topical term or geographic name as entry element Operating systems (Computers)
-- 0000146540
700 1# - ADDED ENTRY--PERSONAL NAME
Personal name Wall, Kurt.
-- 0000157379
852 1# - LOCATION
-- p4480 KES
908 ## - PUT COMMAND PARAMETER (RLIN)
Put command parameter 070912
950 ## - LOCAL HOLDINGS (RLIN)
-- 1
Holdings
Withdrawn status Lost status Source of classification or shelving scheme Not for loan Home library Current library Date acquired Total Checkouts Full call number Barcode Date last seen Price effective from Koha item type
    Library of Congress Classification   Kabarak, Main Campus Kabarak, Main Campus 17/12/2015   QA76.76 O63C65 2005 c. 1 005083 17/12/2015 17/12/2015 General Collection
    Library of Congress Classification   Kabarak, Main Campus Kabarak, Main Campus 17/12/2015   QA76.76 O63C65 2005 c. 2 21979 17/12/2015 17/12/2015 General Collection
Designed with assistance from East African Informatics Ltd